• 首页
  • 本馆介绍
  • 公告通知
  • 最新文献
  • 馆藏检索
  • 电子资源
  • 读者导购
  • 参考咨询
  • 我的图书馆
  • 登录
  • 详细信息显示
  • 放入我的书架
  • 预约/预借图书
  • 作者相关作品
  • 分类相关作品
  • 丛书相关作品
  • 出版社相关作品

书目信息

  • 表格格式
  • 工作单格式
  • 卡片格式
题名:
四十八天
    
 
作者: 李立 著
分册:  
出版信息: 北京   三联书店  1983
页数: 105页
开本: 18cm
丛书名:
单 册:
中图分类: E297.3 , K266.9
科图分类:
主题词: 八路军-抗日斗争--日记 , 抗日斗争-八路军--日记 , 中国--历史
电子资源:
ISBN:
000 00768nam0 2200277 45
001 0183003705
005 20040518084814.8
010    @dCNY0.35
100    @a19950622d1983 em y0chiy0121 ea
101 0  @achi
102    @aCN@b110000
105    @ay z 000yy
106    @ar
200 10 @a四十八天@Asi shi ba tian@e八路军南下支队北返日记@f李立著
210    @a北京@c三联书店@d1983
215    @a105页@d18cm
517 1  @a八路军南下支队北返日记@Aba lu jun nan xia zhi dui bei fan ri ji
606    @a八路军-抗日斗争@x日记
606    @a抗日斗争-八路军@x日记
606 0  @a中国@x历史
690    @aE297.3@v3
690    @aK266.9
701  0 @a李立@Ali li@4著
801  0 @aCN@b上海图书馆@c20040518
801  2 @aCN@bNLC@c20040518
905    @f2@b99473-474@dK266.9@e10
    
    四十八天:八路军南下支队北返日记/李立著.-北京:三联书店,1983
    105页;18cm
    
    
    ISBN :CNY0.35
    
●
相关链接 在E读中查询图书 在五车中查询图书 在当当中查询图书 在豆瓣中查询图书


正题名:四十八天     索取号:K266.9/10         预约/预借

序号 登录号 条形码 馆藏地/架位号 状态 备注
1 0099473   000353977   第二借阅区/ [索取号:K266.9/10] 在馆    
2 0099474   000353986   密集书库/ [索取号:K266.9/10] 在馆    
3 0099475   000353995   第二样本阅览室/ [索取号:K266.9/10] 在馆    
唐山师范学院图书馆 欢迎您!
大连网信软件有限公司© 版权所有